| 000 | 00408nam a22001697a 4500 | ||
|---|---|---|---|
| 003 | OSt | ||
| 005 | 20211119142843.0 | ||
| 008 | 211119b |||||||| |||| 00| 0 eng d | ||
| 020 | _a978-1-444-13519-0 | ||
| 040 |
_aDDC _cHU |
||
| 082 |
_21 _a616.075 _b1 |
||
| 100 |
_aLayne Kerry _919531 |
||
| 245 | _a100 Cases in Acute Medicine | ||
| 250 | _a1 | ||
| 260 |
_aUK _bHODDER ARNOLD _c2012 |
||
| 942 |
_2ddc _cBOOKS _n0 |
||
| 999 |
_c19266 _d19266 |
||